Prueba de Santa Fe - Estadísticas

Estadísticas generales
  • Esta prueba ha sido intentada 17 veces
  • La puntuación promedio es 11 de 16
Estadísticas de respuestas
Pregunta Respuesta % Correcto
Ciudad más grande Rosario
100%
Capital Santa Fe
100%
Gentilicio Santafesino
94%
Comunista y comandante de la Revolución cubana Che Guevara
88%
Tiene 8 Balones de Oro Lionel Messi
88%
Este río separa Santa Fe de Corrientes y Entre Ríos Río Paraná
88%
En Santa Fe, ¿qué es una masita? Galletita
81%
Piloto de Fórmula 1 que se convirtió en político Carlos Reutemann
63%
Este trovador del rock argentino nació en la misma ciudad de las dos respuestas anteriores Fito Páez
63%
Y este objeto fue enarbolado por primera vez en esa ciudad La bandera nacional
63%
Apodo de esa ciudad que viene por su similitud con una ciudad estadounidense La {Chicago} argentina
63%
Este club tiene el apodo "La Lepra" Newell's Old Boys
63%
Firmaron la Constitución argentina en Santa Fe en este año 1853
50%
El afluente de ese río que sirve como frontera entre la zona norte y sur Río Salado
44%
Santa Fe está entre las tres provincias principales para la producción de esta oleaginosa Soja
44%
Este parque nacional se ubica en San Jerónimo Islas de Santa Fe
13%
No se encontraron pruebas coincidentes
Distribución de puntuación
Porcentaje de gente con cada puntuación
Porcentaje por número respondido
Historial de tus puntuaciones
No has intentado esta prueba.